000 00727nam a2200241Ia 4500
003 OSt
005 20220918215954.0
006 a|||||r|||| 00| 0
007 ta
008 220917b |||||||| |||| 00| 0 eng d
024 _a143,752
037 _cTextual
040 _aARTS
_cARTS
_beng
041 _2eng
_aeng
082 _aY1592:1:6y72114CS, K6-;12
100 _aBeteille Andre
245 0 _aCaste class and power
_b Changing patterns of Stratification in a Tanjore village
260 _aBerkeley
_bUniversity of California Press
_c1971
300 _a228p. illus
_ccm.
650 _aSOCIOLOGY
942 _hY1592:1:6y72114CS, K6-;12
_cTEXL
_2CC
999 _c266672
_d266672